[Event "Mittelrhein-chT 1112"]
[Site "Germany"]
[Date "2012.03.18"]
[Round "10.7"]
[White "Igelmund, Robert"]
[Black "Tonnicchi, Marco"]
[Result "1-0"]
[WhiteElo "1843"]
[BlackElo "1937"]
[PlyCount "35"]
[EventDate "2011.09.11"]
[EventType "team-tourn"]
[EventRounds "13"]
[EventCountry "GER"]
[SourceTitle "EXT 2013"]
[Source "ChessBase"]
[SourceDate "2012.11.22"]
[SourceVersion "1"]
[SourceVersionDate "2012.11.22"]
[SourceQuality "1"]
[WhiteTeam "Aachen Hoern"]
[BlackTeam "Bruehl II"]
[WhiteTeamCountry "GER"]
[BlackTeamCountry "GER"]

1. d4 Nf6 2. c4 g6 3. Nc3 Bg7 4. e4 d6 5. f3 0-0 6. Be3 c5 7. dxc5 dxc5 8. Qxd8 Rxd8 9. Bxc5 Nc6 10. Rd1 Nd7 11. Be3 b6 12. Nge2 Ba6 13. Nd4 Rac8 14. Nd5 Kf8 15. Nxc6 Rxc6 16. Nb4 Bb7 17. Nxc6 Bxc6 18. b3 1-0

[Event "Mittelrhein-chT 1112"]
[Site "Germany"]
[Date "2012.02.26"]
[Round "9.7"]
[White "Tonnicchi, Marco"]
[Black "Kneutgen, Alexander"]
[Result "1-0"]
[WhiteElo "1937"]
[BlackElo "2036"]
[PlyCount "81"]
[EventDate "2011.09.11"]
[EventType "team-tourn"]
[EventRounds "13"]
[EventCountry "GER"]
[SourceTitle "EXT 2013"]
[Source "ChessBase"]
[SourceDate "2012.11.22"]
[SourceVersion "1"]
[SourceVersionDate "2012.11.22"]
[SourceQuality "1"]
[WhiteTeam "Bruehl II"]
[BlackTeam "Niederkassel"]
[WhiteTeamCountry "GER"]
[BlackTeamCountry "GER"]

1. d4 Nf6 2. Nf3 g6 3. e3 Bg7 4. Be2 0-0 5. 0-0 d6 6. c4 Nbd7 7. Nc3 c6 8. b4 a5 9. b5 cxb5 10. Nxb5 b6 11. Rb1 Ba6 12. Nd2 d5 13. Bf3 e6 14. Ba3 Re8 15. Qb3 Bf8 16. Nd6 Bxd6 17. Bxd6 Rc8 18. Rfc1 Ne4 19. Bxe4 dxe4 20. Bf4 e5 21. dxe5 Nc5 22. Qc2 Nd3 23. Rd1 Nxf4 24. Nxe4 Qh4 25. Nf6+ Kf8 26. exf4 Rxc4 27. Qd2 Rec8 28. Rxb6 Rc2 29. Qd6+ Kg7 30. g3 Qh3 31. Rxa6 Rxf2 32. Kxf2 Qxh2+ 33. Kf3 Rc2 34. Ne8+ Kg8 35. Nf6+ Kg7 36. Qd3 Qg2+ 37. Kg4 Rf2 38. Ne4 h5+ 39. Kg5 Rf3 40. Rxg6+ fxg6 41. Qd7+ 1-0

[Event "Mittelrhein-chT 1112"]
[Site "Germany"]
[Date "2011.11.13"]
[Round "4.6"]
[White "Diesner, Michael"]
[Black "Tonnicchi, Marco"]
[Result "1-0"]
[WhiteElo "2087"]
[BlackElo "1937"]
[PlyCount "59"]
[EventDate "2011.09.11"]
[EventType "team-tourn"]
[EventRounds "13"]
[EventCountry "GER"]
[SourceTitle "EXT 2013"]
[Source "ChessBase"]
[SourceDate "2012.11.22"]
[SourceVersion "1"]
[SourceVersionDate "2012.11.22"]
[SourceQuality "1"]
[WhiteTeam "Koeln Lasker"]
[BlackTeam "Bruehl II"]
[WhiteTeamCountry "GER"]
[BlackTeamCountry "GER"]

1. c4 Nf6 2. Nc3 g6 3. e4 d6 4. d4 Bg7 5. f3 0-0 6. Be3 c5 7. Nge2 cxd4 8. Nxd4 Nc6 9. Nb3 e6 10. Be2 d5 11. exd5 exd5 12. cxd5 Nb4 13. Bc5 Nbxd5 14. Bxf8 Bxf8 15. Qd4 Be6 16. 0-0 Nxc3 17. bxc3 Nd5 18. c4 Bg7 19. Qf2 Nf4 20. Rac1 Bh3 21. Rfd1 Qg5 22. g3 Be6 23. Bf1 Nh3+ 24. Bxh3 Bxh3 25. Rd5 f5 26. Re1 Qf6 27. f4 Qc6 28. Qe2 Rc8 29. Qd2 Qxc4 30. Rc1 1-0

[Event "IECG C1.1999.0.00221"]
[Site "IECG email"]
[Date "1999.07.09"]
[Round "?"]
[White "Peto, Peter"]
[Black "Tonnicchi, Marco"]
[Result "1/2-1/2"]
[WhiteElo "2041"]
[BlackElo "1880"]
[PlyCount "122"]
[EventDate "1999.07.02"]
[EventType "tourn (corr)"]
[EventRounds "6"]
[SourceTitle "Corr 2008"]
[Source "ChessBase"]
[SourceDate "2008.06.24"]
[SourceVersion "1"]
[SourceVersionDate "2008.06.24"]
[SourceQuality "1"]

1. d4 Nf6 2. c4 g6 3. Nc3 d5 4. Nf3 Bg7 5. Qb3 dxc4 6. Qxc4 0-0 7. e4 Na6 8. Be2 c5 9. d5 e6 10. 0-0 exd5 11. exd5 Bf5 12. Rd1 Re8 13. d6 h6 14. Bf4 Nd7 15. Rd2 Nb4 16. a3 Nc6 17. Be3 Be6 18. Qf4 Na5 19. Rad1 Nb3 20. Rc2 g5 21. Qg3 Bf5 22. Bd3 Bxd3 23. Rxd3 Qf6 24. Re2 Qg6 25. Rd1 Rad8 26. h4 g4 27. Nd2 Nd4 28. Bxd4 cxd4 29. Rxe8+ Rxe8 30. Nd5 Kf8 31. Nf4 Qf5 32. Nd3 Ne5 33. Ne1 Rd8 34. Qb3 b5 35. a4 bxa4 36. Qxa4 Qd7 37. Ra1 Qxd6 38. Qxa7 d3 39. g3 h5 40. Qa5 Kg8 41. Rd1 Qd4 42. Nb3 Qd5 43. Qxd5 Rxd5 44. Nd2 f5 45. b3 Bh6 46. f4 gxf3 47. Nexf3 Be3+ 48. Kg2 Ng4 49. Nc4 Kg7 50. Nfd2 Kf6 51. b4 Bh6 52. Nb3 d2 53. Nbxd2 Rd3 54. Kf1 Rxg3 55. b5 Rh3 56. b6 Bf4 57. b7 Rxh4 58. Nf3 Rh1+ 59. Ke2 Rxd1 60. Kxd1 Bb8 61. Na5 Nf2+ 1/2-1/2

[Event "IECG C1.1999.0.00220"]
[Site "IECG email"]
[Date "1999.07.02"]
[Round "?"]
[White "Bujdak, Pavol"]
[Black "Tonnicchi, Marco"]
[Result "1-0"]
[WhiteElo "1900"]
[BlackElo "1880"]
[PlyCount "77"]
[EventDate "1999.07.02"]
[EventType "tourn (corr)"]
[EventRounds "6"]
[SourceTitle "Corr 2008"]
[Source "ChessBase"]
[SourceDate "2008.06.24"]
[SourceVersion "1"]
[SourceVersionDate "2008.06.24"]
[SourceQuality "1"]

1. e4 c5 2. Nf3 Nc6 3. d4 cxd4 4. Nxd4 Nf6 5. Nc3 g6 6. Be3 Bg7 7. f3 0-0 8. Qd2 d5 9. 0-0-0 Nxd4 10. Bxd4 dxe4 11. fxe4 Be6 12. h3 Qa5 13. a3 Rfd8 14. Qe3 Qh5 15. Kb1 Ng4 16. Qg1 Bxd4 17. Rxd4 Rxd4 18. Qxd4 Qe5 19. Qd2 Nf6 20. Bd3 Rc8 21. g4 g5 22. h4 h6 23. hxg5 Qxg5 24. Qf2 b6 25. Qh4 Kg7 26. Nb5 a5 27. Qf2 Qc5 28. Nd4 Bxg4 29. Be2 Bd7 30. Qe3 Rh8 31. Rg1+ Kf8 32. e5 Ne8 33. Qf4 f6 34. e6 Bc8 35. Qe4 f5 36. Rf1 Nd6 37. Qf4 Ke8 38. Rd1 a4 39. Bb5+ 1-0